ბათუმის შოთა რუსთაველის სახელმწიფო უნივერსიტეტის ბიბლიოთეკა

Die georgische Aufklärung : (ბიბ.ჩანაწერი № 60079)

000 -LEADER
fixed length control field 01374nam a22002537a 4500
003 - CONTROL NUMBER IDENTIFIER
control field Ge_BSU
005 - DATE AND TIME OF LATEST TRANSACTION
control field 20230606115919.0
008 - FIXED-LENGTH DATA ELEMENTS--GENERAL INFORMATION
fixed length control field 230605s2018 dk ||||| |||| 00| 0 ger d
020 ## - INTERNATIONAL STANDARD BOOK NUMBER
International Standard Book Number 9788301203122
041 ## - LANGUAGE CODE
Language code of text/sound track or separate title ger
080 ## - UNIVERSAL DECIMAL CLASSIFICATION NUMBER
Universal Decimal Classification number 821.353.1.093(ორბელიანი, ს.-ს.) + 37(479.22)(09)"16/17" P-84
100 ## - MAIN ENTRY--PERSONAL NAME
Personal name Popiashvili, Nino
9 (RLIN) 18481
245 ## - TITLE STATEMENT
Title Die georgische Aufklärung :
Remainder of title Sulchan-Saba Orbeliani /
Statement of responsibility, etc. Nino Popiashvili ; Unter Konsultationen und Redaktion von Professor Gaga Lomidze (Georgien) und Gert Robert Grünert (Deutschland); cover painting by Apolon Kutateladze; Ivane Javakhishvili Tbilisi State University.
264 ## - PRODUCTION, PUBLICATION, DISTRIBUTION, MANUFACTURE, AND COPYRIGHT NOTICE
Place of production, publication, distribution, manufacture [Warszawa] :
Name of producer, publisher, distributor, manufacturer PWN,
Date of production, publication, distribution, manufacture, or copyright notice [2018].
300 ## - PHYSICAL DESCRIPTION
Extent 125 p. ;
Other physical details 21 cm.
653 ## - INDEX TERM--UNCONTROLLED
keyword Orbeliani, Sulxan-Saba, 1658-1725.
653 ## - INDEX TERM--UNCONTROLLED
keyword ორბელიანი, სულხან-საბა, 1658-1725.
653 ## - INDEX TERM--UNCONTROLLED
keyword განმანათლებლობა -- XVII-XVIII ს.ს. -- საქართველო -- ისტორია.
700 ## - ADDED ENTRY--PERSONAL NAME
Personal name პოპიაშვილი, ნინო
Relator term ავტორი
9 (RLIN) 18482
700 ## - ADDED ENTRY--PERSONAL NAME
Personal name ლომიძე, გაგა
Relator term რედაქტორი
9 (RLIN) 18483
700 ## - ADDED ENTRY--PERSONAL NAME
Personal name ქუთათელაძე, აპოლონ
Relator term ილუსტრატორი
9 (RLIN) 18484
710 ## - ADDED ENTRY--CORPORATE NAME
Corporate name or jurisdiction name as entry element Ivane Javakhishvili Tbilisi State University.
9 (RLIN) 18485
942 ## - ADDED ENTRY ELEMENTS (KOHA)
Source of classification or shelving scheme
Koha item type წიგნი
ეგზემპლარები
Withdrawn status Lost status Source of classification or shelving scheme Damaged status Not for loan Permanent Location Current Location Shelving location Date acquired Cost, normal purchase price Full call number Barcode Date last seen Copy number Price effective from Koha item type Public note
          ბათუმის შოთა რუსთაველის სახელმწიფო უნივერსიტეტის მთავარი ბიბლიოთეკა ბათუმის შოთა რუსთაველის სახელმწიფო უნივერსიტეტის მთავარი ბიბლიოთეკა წიგნსაცავი 2023-06-05 22.06 821.353.1.093(ორბელიანი, ს.-ს.) + 37(479.22)(09) 29577 2023-06-05 29577 2023-06-05 წიგნი 22 ლ. 06 თ.
          ბათუმის შოთა რუსთაველის სახელმწიფო უნივერსიტეტის მთავარი ბიბლიოთეკა ბათუმის შოთა რუსთაველის სახელმწიფო უნივერსიტეტის მთავარი ბიბლიოთეკა წიგნსაცავი 2023-06-05 22.06 821.353.1.093(ორბელიანი, ს.-ს.) + 37(479.22)(09) 29578 2023-06-05 29578 2023-06-05 წიგნი 22 ლ. 06 თ.
          ბათუმის შოთა რუსთაველის სახელმწიფო უნივერსიტეტის მთავარი ბიბლიოთეკა ბათუმის შოთა რუსთაველის სახელმწიფო უნივერსიტეტის მთავარი ბიბლიოთეკა წიგნსაცავი 2023-06-05 22.06 821.353.1.093(ორბელიანი, ს.-ს.) + 37(479.22)(09) 29579 2023-06-05 29579 2023-06-05 წიგნი 22 ლ. 06 თ.